Focus sur: Avery - Harry Potter - Statistiques

Statistiques générales
  • Ce quiz a été pris 68 fois
  • Le résultat moyen est 4 sur 6
Statistiques - réponses
Informations recherchées Réponses % Correct
Ecole fréquentée Poudlard
97%
Statut du sang Sang-Pur
93%
Maison fréquentée Serpentard
93%
Première apparition Harry Potter et le Prince de Sang-Mêlé
78%
Fils (probablement) Avery (II)
53%
Acteur l'interprétant dans les films Humphrey Bartosik
17%
Aucun quiz correspondant
Distribution des résultats
% des personnes avec chaque résultat
Percentile par nombre de réponses
Votre historique - résultats
Vous n’avez pas pris ce quiz